000 00387cam a2200157ua 4500
041 _aeng
_h
082 _a823.301
_bMIL/TA
100 _aMiller, W T .
245 _aTales from the veld /
_cW T Miller.
_hTextual Documents
250 _a1 /
_b.
260 _aLondon :
_bUniversity of London Press Ltd ,
_c1950.
300 _a72 ; .
504 _a
942 _cBK
999 _c6954
_d6954